[Event "Bad. Jug-EM 2018 U18"]
[Site "Karlsruhe-Durlach"]
[Date "2018.01.02"]
[Round "1.3"]
[White "Hatzenbühler, Kevin"]
[Black "Lachenicht, Tim"]
[Result "0-1"]
[WhiteElo "1602"]
[BlackElo "1746"]
[PlyCount "120"]
[EventDate "2018.??.??"]
[WhiteTeam "OSG Baden-Baden"]
[BlackTeam "SK Gernsbach"]

1. d4 d5 2. c4 e6 3. cxd5 exd5 4. Nc3 Be7 5. Bf4 Nf6 6. e3 Bf5 7. Be2 O-O 8. g4
Be6 9. g5 Ne4 10. h4 c5 11. f3 cxd4 12. exd4 Nxc3 13. bxc3 Bf5 14. Nh3 Qa5 15.
Bd2 Qc7 16. Nf4 Rd8 17. Kf1 Nc6 18. Qe1 Na5 19. Nh5 Nc4 20. Bf4 Bd6 21. Bxd6
Qxd6 22. Bxc4 dxc4 23. Qd2 Bd3+ 24. Kf2 Re8 25. Ng3 Re6 26. Rae1 Rae8 27. Rxe6
Rxe6 28. Re1 Kf8 29. Re3 Qa3 30. Rxe6 fxe6 31. Ne4 Bxe4 32. fxe4 Ke7 33. d5 Qd6
34. Kf3 e5 35. Qb2 Qd7 36. Qb4+ Kd8 37. Kg3 b5 38. d6 Qc6 39. Kf3 Kd7 40. h5 g6
41. hxg6 hxg6 42. Kg4 a6 43. Qb1 Qxd6 44. Qh1 Qe6+ 45. Kg3 Kc6 46. Qh8 Qd6 47.
Qa8+ Kb6 48. Qe8 Qd3+ 49. Kf2 Qd2+ 50. Kf1 Qf4+ 51. Ke1 Qxe4+ 52. Kd2 Qf4+ 53.
Kd1 Qxg5 54. Qb8+ Ka5 55. Qc7+ Ka4 56. Qc5 Qg4+ 57. Kc2 Qe4+ 58. Kd1 Qd3+ 59.
Kc1 Qxc3+ 60. Kd1 Qd4+ 0-1

[Event "Bad. Jug-EM 2018 U18"]
[Site "Karlsruhe-Durlach"]
[Date "2018.01.02"]
[Round "1.4"]
[White "Wegmer, Leon"]
[Black "Avdagic, Alan"]
[Result "0-1"]
[WhiteElo "1744"]
[BlackElo "1496"]
[PlyCount "36"]
[EventDate "2018.??.??"]
[WhiteTeam "Karlsruher SF"]
[BlackTeam "DJB Steuben Feudenheim"]

1. e4 d5 2. e5 c5 3. d4 cxd4 4. Qxd4 Nc6 5. Bb5 e6 6. Ne2 Nge7 7. O-O Bd7 8.
Bxc6 Nxc6 9. Qe3 Qc7 10. Nbc3 Nxe5 11. Qg3 Bd6 12. Qxg7 O-O-O 13. g3 Rdg8 14.
Qh6 Rg6 15. Qh5 Ng4 16. Nf4 Nf6 17. Qe2 Bxf4 18. Bxf4 Qxf4 0-1

[Event "Bad. Jug-EM 2018 U18"]
[Site "Karlsruhe-Durlach"]
[Date "2018.01.02"]
[Round "1.5"]
[White "Acar, Lukas"]
[Black "Schmohel, Andreas"]
[Result "0-1"]
[WhiteElo "1017"]
[BlackElo "1733"]
[PlyCount "52"]
[EventDate "2018.??.??"]
[WhiteTeam "SF Birkenfeld"]
[BlackTeam "SC Viernheim"]

1. d4 Nf6 2. Bg5 d5 3. c4 e6 4. Nc3 Be7 5. Nf3 O-O 6. e3 Ne4 7. h4 f6 8. Bf4
Bb4 9. Qb3 c5 10. Nd2 Nxd2 11. Kxd2 e5 12. Bg3 exd4 13. exd4 cxd4 14. Qxb4
dxc3+ 15. Kxc3 Nc6 16. Qc5 d4+ 17. Kb3 Be6 18. Bd3 Rc8 19. Qh5 f5 20. Rhe1 Qb6+
21. Kc2 Nb4+ 22. Kd2 Nxd3 23. Kxd3 Bxc4+ 24. Kd2 Qxb2+ 25. Kd1 Bb3+ 26. axb3
Qc2# 0-1

[Event "Bad. Jug-EM 2018 U18w - U16w"]
[Site "Karlsruhe-Durlach"]
[Date "2018.01.02"]
[Round "1.2"]
[White "Ehmann, Johanna"]
[Black "Wagner, Lena"]
[Result "1-0"]
[WhiteElo "1712"]
[BlackElo "1259"]
[PlyCount "111"]
[EventDate "2018.??.??"]
[WhiteTeam "SF Sasbach"]
[BlackTeam "SK Endingen"]

1. e4 c6 2. c4 d5 3. exd5 cxd5 4. cxd5 Nf6 5. Nc3 g6 6. Nf3 Bg7 7. d4 O-O 8.
Bc4 Bf5 9. O-O Nbd7 10. Re1 Re8 11. Ne5 Nb6 12. Bb3 Nbxd5 13. Nxd5 Nxd5 14. Qf3
e6 15. g4 Bxg4 16. Qxg4 Nf6 17. Qf4 h6 18. Bd2 a5 19. Rac1 a4 20. Bc4 Rc8 21.
Bb5 Re7 22. Rxc8 Qxc8 23. Rc1 Qa8 24. Bb4 Re8 25. Bxe8 Qxe8 26. Qf3 b5 27. Qc6
Qxc6 28. Nxc6 Nd5 29. Ne7+ Nxe7 30. Bxe7 Bxd4 31. b3 f5 32. bxa4 bxa4 33. Rc4
e5 34. Rxa4 Kf7 35. Bb4 Ke8 36. Ra8+ Kd7 37. a4 Kc7 38. a5 Kb7 39. Rg8 g5 40.
Rg6 f4 41. Rxh6 g4 42. a6+ Kb8 43. Rc6 Ba7 44. Bd6+ Ka8 45. Rc8+ Bb8 46. Rxb8+
Ka7 47. Kf1 f3 48. Bxe5 Kxa6 49. Ke1 Ka5 50. Kd2 Ka6 51. Kc3 Ka7 52. Kc4 Ka6
53. Kc5 Ka7 54. Kc6 g3 55. Rb1 g2 56. Ra1# 1-0

[Event "Bad. Jug-EM 2018 U18w - U16w"]
[Site "Karlsruhe-Durlach"]
[Date "2018.01.02"]
[Round "1.3"]
[White "Ganjali, Aska"]
[Black "Grining, Maria"]
[Result "1/2-1/2"]
[WhiteElo "1304"]
[BlackElo "1658"]
[PlyCount "43"]
[EventDate "2018.??.??"]
[WhiteTeam "SK Gernsbach"]
[BlackTeam "Karlsruher SF"]

1. e4 c5 2. Bc4 Nc6 3. f4 e6 4. Nc3 Nge7 5. Nge2 d5 6. exd5 exd5 7. Bb5 a6 8.
Bxc6+ bxc6 9. d4 Nf5 10. O-O Be7 11. Qd3 O-O 12. Nd1 Qb6 13. c3 c4 14. Qf3 Bd7
15. Ne3 Nd6 16. f5 h6 17. Ng3 Qd8 18. Bd2 Bg5 19. Rf2 Re8 20. Raf1 Bxe3 21.
Bxe3 f6 22. Re2 1/2-1/2

[Event "Bad. Jug-EM 2018 U18w - U16w"]
[Site "Karlsruhe-Durlach"]
[Date "2018.01.02"]
[Round "1.4"]
[White "Lohrmann, Tabea"]
[Black "Schneider, Xenia"]
[Result "1-0"]
[WhiteElo "1638"]
[BlackElo "1424"]
[PlyCount "57"]
[EventDate "2018.??.??"]
[WhiteTeam "SC Waldkirch"]
[BlackTeam "SK Endingen"]

1. e4 c6 2. c4 d5 3. exd5 cxd5 4. cxd5 Qxd5 5. Nc3 Qd8 6. d4 Bf5 7. Nf3 e6 8.
Bf4 a6 9. Be2 Bd6 10. Bxd6 Qxd6 11. O-O Nc6 12. d5 exd5 13. Qxd5 Qxd5 14. Nxd5
Rc8 15. Rfe1 Nce7 16. Nd4 Bg6 17. Bf3 Rb8 18. Nb6 Nf6 19. Rac1 Kd8 20. Red1 Ke8
21. Rc7 Be4 22. Bxe4 Nxe4 23. Re1 f5 24. Nxf5 Nf6 25. Rexe7+ Kf8 26. Rf7+ Kg8
27. Rxg7+ Kf8 28. Nd6 Re8 29. Rcf7# 1-0

[Event "Bad. Jug-EM 2018 U20-U20w"]
[Site "Karlsruhe-Durlach"]
[Date "2018.01.02"]
[Round "1.1"]
[White "Hochscheidt, Lukas"]
[Black "Kühn, Kolja"]
[Result "0-1"]
[WhiteElo "1766"]
[BlackElo "2125"]
[PlyCount "58"]
[EventDate "2018.??.??"]
[WhiteTeam "SSV Bruchsal"]
[BlackTeam "SK Ötigheim"]

1. d4 Nf6 2. f3 d5 3. e4 dxe4 4. Nc3 exf3 5. Qxf3 c6 6. Bf4 Bg4 7. Qf2 e6 8. h3
Bf5 9. g4 Ne4 10. Nxe4 Bxe4 11. Rh2 Qa5+ 12. c3 Nd7 13. Qe3 Bd5 14. Bd3 c5 15.
Ne2 Be7 16. Kf1 c4 17. Bc2 g5 18. Bg3 h5 19. gxh5 Rxh5 20. h4 Nf6 21. hxg5 Ng4
22. Qf4 Nxh2+ 23. Bxh2 Bxg5 24. Qg3 Qd8 25. Kg1 Qf6 26. Rf1 Qh6 27. Ba4+ Kf8
28. Qd6+ Kg8 29. Qg3 Rxh2 0-1

[Event "Bad. Jug-EM 2018 U20-U20w"]
[Site "Karlsruhe-Durlach"]
[Date "2018.01.02"]
[Round "1.2"]
[White "Stallknecht, Britta"]
[Black "Kraus, Jens"]
[Result "1-0"]
[WhiteElo "1848"]
[BlackElo "1103"]
[PlyCount "197"]
[EventDate "2018.??.??"]
[WhiteTeam "SK Großsachsen"]
[BlackTeam "SK Lahr"]

1. b3 e5 2. Bb2 Nc6 3. c4 Bc5 4. e3 f6 5. a3 a5 6. Be2 Nge7 7. Bh5+ g6 8. Bf3
d6 9. Nc3 Be6 10. d3 O-O 11. g3 d5 12. cxd5 Nxd5 13. Nge2 Qd7 14. O-O Nxc3 15.
Bxc3 Bh3 16. Re1 Rad8 17. Nc1 b6 18. Qc2 Qe6 19. Rd1 Rd6 20. Qd2 Rfd8 21. b4
axb4 22. axb4 e4 23. bxc5 bxc5 24. Bxe4 Ne5 25. Bxe5 Qxe5 26. Qa2+ Kg7 27. Ne2
Qxe4 28. Nf4 Be6 29. Nxe6+ Qxe6 30. Qxe6 Rxe6 31. Rac1 Re5 32. Rc3 Rd7 33. Kf1
Kf7 34. Ke2 g5 35. Ra1 Rd6 36. Ra7 Rc6 37. Rc4 Ree6 38. Ra5 Ke7 39. Raxc5 Rxc5
40. Rxc5 Kd7 41. Rc4 c6 42. h4 h6 43. hxg5 hxg5 44. Kf3 Re5 45. Kg4 Kd6 46. d4
Re7 47. Kf5 Rf7 48. Kg6 Rf8 49. Rc2 g4 50. Kf5 Rg8 51. Kxf6 Rf8+ 52. Kg5 Rg8+
53. Kf4 Kd5 54. Rc5+ Kd6 55. Rg5 Rf8+ 56. Rf5 Rg8 57. Ke4 Re8+ 58. Kd3 Rg8 59.
Kc4 Rg6 60. Rf4 Ke6 61. Kc5 Kd7 62. Rf7+ Kc8 63. Kb6 Kd8 64. Rf8+ Ke7 65. Rf5
Kd7 66. Rf4 Kd6 67. Rf5 Kd7 68. Kc5 Ke6 69. Rf4 Kd7 70. f3 gxf3 71. Rxf3 Rg5+
72. Kc4 Kd6 73. e4 c5 74. e5+ Kc6 75. d5+ Kd7 76. Kxc5 Rxe5 77. Rf7+ Ke8 78.
Rg7 Kf8 79. Rg4 Kf7 80. Kd6 Re8 81. Kd7 Re3 82. d6 Kf6 83. Kd8 Kf5 84. Rf4+ Ke5
85. d7 Rxg3 86. Rf2 Kd6 87. Rd2+ Ke6 88. Kc7 Rg7 89. Kc6 Rg8 90. d8=Q Rxd8 91.
Rxd8 Ke7 92. Rd1 Ke8 93. Rd7 Kf8 94. Kd6 Ke8 95. Ra7 Kf8 96. Ke6 Kg8 97. Kf6
Kh8 98. Kg6 Kg8 99. Ra8# 1-0

[Event "Bad. Jug-EM 2018 U20-U20w"]
[Site "Karlsruhe-Durlach"]
[Date "2018.01.02"]
[Round "1.3"]
[White "Brückner, Xuan Paul"]
[Black "Öztürk, Yasin-Safa"]
[Result "0-1"]
[WhiteElo "856"]
[BlackElo "1775"]
[PlyCount "74"]
[EventDate "2018.??.??"]
[WhiteTeam "SC Brombach"]
[BlackTeam "SC Ketsch"]

1. e4 c5 2. Nc3 d6 3. Bc4 g6 4. d3 Bg7 5. Nf3 Nc6 6. h3 a6 7. O-O Nf6 8. Bg5
O-O 9. Re1 b5 10. Bb3 Qc7 11. Qe2 b4 12. Nd5 Nxd5 13. Bxd5 Bxb2 14. Bh6 Bxa1
15. Bxf8 Bc3 16. Bxc6 Qxc6 17. Bxe7 f6 18. Rd1 Qc7 19. Bxf6 Bxf6 20. Qd2 Be6
21. d4 Bxa2 22. c3 Bb3 23. Re1 cxd4 24. cxd4 Qc3 25. e5 dxe5 26. dxe5 Be7 27.
Rb1 Qxd2 28. Nxd2 Be6 29. Rc1 Rc8 30. Ra1 Rc2 31. Ne4 Bc4 32. Nd6 b3 33. Nxc4
Rxc4 34. Rxa6 b2 35. Ra8+ Kf7 36. Rb8 Rb4 37. Rxb4 Bxb4 0-1